000 00288nam a2200133Ia 4500
100 _aKaplan jrving
942 _cBK
654 _anuclear
245 _aNuclear Physics
260 _bNarosa publishing house
_aNew Delhi
_c1990
082 _a539
_bKAP
300 _a770
546 _aENGLISH
999 _c25386
_d25386